3 indices pour un jeu ou un jouet - Statistiques

Statistiques générales
  • Ce quiz a été pris 143 fois
    137 depuis la dernière actualisation
  • Le résultat moyen est 20 sur 80
Statistiques - réponses
Indice 1 Indice 2 Indice 3 Monument % Correct
Bonne gardienne On la gave Oiseau Jeu de l'{Oie}
99%
Gare à la prison Rue de la paix On peut s'y offrir une gare {Monopoly}
87%
On y reçoit des lettres Plateau W vaut X {Scrabble}
81%
On peut y avoir des quintes Son coup est audacieux Bluff {Poker}
80%
Pas un jeu de bides La reine est plus forte que le roi 64 cases Jeu d'{échecs}
71%
Est-ce la Pervenche ou la Rose ? Le Dr Lenoir en est la victime Ou bien le colonel Moutarde ? {Cluedo}
62%
Oser demander est essentiel Il faut avoir l'esprit de famille 7 x 6 Jeu des {Sept} {familles}
59%
Blanches, elles sont chouettes Elles n'ont pas de chemin précis Elles occupent des cases Jeu de {Dames}
58%
Jeu de camemberts Quelques arpents de pièges Remue-méninges {Trivial} {Pursuit}
53%
Drôles d'écuries Il faut faire un tour de piste Le 6 est votre ami Jeu des {petits} {chevaux}
46%
Pieds joints On y tire Jeu marseillais {Pétanque}
45%
En tête à Rome Premier ONU pour les Anglais {Uno}
45%
Recherchent leur jumeau Ou se placent droits Plaquettes {Dominos}
42%
Crayon indispensable Pas besoin d'être Léonard de Vinci Devinette {Pictionnary}
42%
Un des plus vieux jouets du monde Représentation humaine Barbie ? {Poupée}
42%
Il a ses cavaliers et aussi un chien Aussi cartes de Marseille {Tarot}
40%
Torpillage organisé Disparition de batiments Il faut bien viser {Bataille} {navale}
38%
M Pierres Gare à la panne Il faut aimer voyager {Mille} {bornes}
38%
Le valet est le maître Peut-être contrée Jeu de plis {Belote}
37%
Lui jeter la pierre est enfantin Elle mène au ciel Jeu tracé {Marelle}
37%
Les plus adroits tireront leur ... du jeu Empereur du Japon Ensemble de baguettes {Mikado}
37%
Il faut se faire discret Tout est bon pour disparaitre Trouvé ! {Cache-cache}
35%
Enigme en morceaux Jeu de patience Image à reconstituer {Puzzle}
35%
Création danoise A empiler Jeu de briques Jeu de construction {Lego}
33%
Traits pointus Jeu de pub Sur cible Jeu de {Fléchettes}
32%
Il roule et vole On n'aime pas le prendre dans ses filets Parfois ovale {Ballon}
28%
Souper feint Quand les enfants se mettent à table Service des jouets {Dinette}
27%
Inconnu sous ce nom en Angleterre Foot-foot en Suisse Jeu de table {Baby-foot}
26%
Le maillet est indispensable tout comme les arceaux et les boules {Croquet}
26%
Peut-être sur une console Interactif Imagé Jeu {vidéo}
26%
Comme Guillaume A chacun son ambition Pour soldats en herbe {Risk}
25%
Inspiré du carré latin Japonais Des chiffres, des chiffres... {Sudoku}
25%
Pouvoir multiplié Grande force en ligne IV {Puissance} {4}
24%
Cours joueur, cours Attention à l'oiseau Un rapace pacifique {Epervier}
23%
Marcel Aymé Félin sur la branche Joue avec la souris Jeu de {chat} {perché}
23%
Jouet rembourré Teddy Animal inoffensif {Ours} en {peluche}
23%
2 camps s'affrontent Mieux vaut savoir esquiver Ballon-chasseur {Balle} aux {prisonniers}
22%
Tourne bien Souvent en chanson En cercle, les enfants ! {Ronde}
22%
Rapporte au scrabble Va-et-vient On déroule, on enroule... {Yoyo}
22%
Il faut savoir dire au revoir à ce qu'on a en main Souvent accompagné de gin Il faut abattre ses cartes {Rami}
21%
Henri III Avec une poignée Jeu de boule {Bilboquet}
20%
Enclume et marteau en sont On les rattrape pour jouer Jeu de carpe {Osselets}
20%
Il en existe de nombreuses variantes Dieu y joue pendant l'orage Il faut tout faire tomber Jeu de {quilles}
18%
Plat à tarte Galette sportive Il est sans retour {Frisbee}
17%
Créé en 1898 A assembler Tout en métal Jeu de construction {Meccano}
17%
On y joue avec des tuiles Dominos Par paire {Mahjong}
17%
Jeu de plein air Nécessite un portique Ca oscille beaucoup {Balançoire}
16%
On peut retourner très facilement à la niche Bleu blanc rouge au Québec L'immobilité paye {Un} {deux} {trois} {soleil}
15%
Application du principe des tiroirs Sur un air Siège mélodieux ? {Chaises} {musicales}
14%
Colle pour tout Le premier débute toujours Enigme {Charade}
14%
Refuge et cracheur de feu Les seconds attaquent les premiers Tours et Monstres {Donjons} et {Dragons}
13%
Accommodant Se monte et se baisse S'allonge quand on tire dessus Jeu de l'{élastique}
13%
Jeune Whist Enchères Pont {Bridge}
12%
Il faut la trouver Quiz d'autrefois Jeu de questions {Devinette}
10%
Alterne noires et blanches Moins il y a de noires plus c'est difficile Une variante facile demande de suivre les flèches {Mots} {croisés}
10%
Mieux vaut être attentif Zazie l'a chanté On obéit au maître {Jacques} {a} {dit}
9%
N'est pas nécessairement de Cholet Carré qui peut être à carreaux Aspirant de narine Jeu du {mouchoir}
9%
Né en Chine Carré découpé Il existe des milliers de possibilités {Tangram}
8%
Spectacle privé Scène miniature On y voit des poupées de scène {Théâtre} de {Marionnettes}
8%
Serait chinois d'origine Jeu de mains Jeu d'intuition {Chifoumi}
7%
Jeu de table Un tablier pour deux Jacquet anglais {Backgammon}
6%
Se meut à la baguette Jeu antique Passé de mode en Europe {Cerceau}
6%
Aussi appelé wari aux Caraïbes 10 ou 12 creux et des graines {Awélé}
5%
En solo ou à deux Jeu de plage Avec une raquette pleine {Jokari}
5%
En mémoire d'un Belge Il usait du maillet Plus que 4 sens {Colin-Maillard}
4%
Les champions des synonymes sont demandés Autrefois aux Jeux de 20 heures Alors vous avez trouvé ? {Ni} {oui} {ni} {non}
4%
On y glisse Album de Jean-Louis Murat Au Québec c'est un traineau {Toboggan}
4%
Tourne en rond Transport A une certaine allure {Train} {électrique}
4%
Oblige à sauter Aux J.O. Que le meilleur gagne ! {Course} en {sac}
3%
En solo Sorte de réussite Jeu de cartes {Patience}
3%
Rien à voir avec le cristal Le 10 y vaut 0 Se joue au casino {Baccara}
2%
Il faut parfois faire vinaigre Seul ou à plusieurs Très bon exercice {Corde} à {sauter}
2%
Né en Hongrie Peut rendre fou On le connait mieux sous son nom commercial {Cube} de {Rubik}
2%
Petits hommes des campagnes Hommes engagés Reconstitueurs {Petits} {soldats}
2%
Il lui faut des trous Il a ses tables Ancêtre du Jacquet {Trictrac}
2%
Nécessite un jeu particulier Son nom vient du sabot Ne se déroule pas sur des rails {Chemin} de {fer}
1%
Pour Lilliputiens ? Modèle réduit Parfois celle de Monsieur tout-le monde {Voitures} {miniatures}
1%
Il faut que les voisines s'entendent Hasard d'un mélange 16 dés {Boggle}
0%
Tout l'art de la négociation Il faut agir en finesse Bien négocier c'est parfois gagner {Diplomatie}
0%
Un gobelet peut faire l'affaire N'est pas un jeu de chien Le grand projette le petit Jeu de {puces}
0%
Aucun quiz correspondant
Distribution des résultats
% des personnes avec chaque résultat
Percentile par nombre de réponses
Votre historique - résultats
Vous n’avez pas pris ce quiz depuis la dernière actualisation